<?xml version="1.0" encoding="UTF-8"?><?xml-stylesheet type="text/xsl" href="static/style.xsl"?><OAI-PMH xmlns="http://www.openarchives.org/OAI/2.0/" xmlns:xsi="http://www.w3.org/2001/XMLSchema-instance" xsi:schemaLocation="http://www.openarchives.org/OAI/2.0/ http://www.openarchives.org/OAI/2.0/OAI-PMH.xsd"><responseDate>2026-04-27T13:09:02Z</responseDate><request verb="GetRecord" identifier="oai:uvadoc.uva.es:10324/7907" metadataPrefix="marc">https://uvadoc.uva.es/oai/request</request><GetRecord><record><header><identifier>oai:uvadoc.uva.es:10324/7907</identifier><datestamp>2021-06-18T10:29:32Z</datestamp><setSpec>com_10324_38</setSpec><setSpec>col_10324_787</setSpec></header><metadata><record xmlns="http://www.loc.gov/MARC21/slim" xmlns:doc="http://www.lyncode.com/xoai" xmlns:xsi="http://www.w3.org/2001/XMLSchema-instance" xmlns:dcterms="http://purl.org/dc/terms/" xsi:schemaLocation="http://www.loc.gov/MARC21/slim http://www.loc.gov/standards/marcxml/schema/MARC21slim.xsd">
<leader>00925njm 22002777a 4500</leader>
<datafield tag="042" ind1=" " ind2=" ">
<subfield code="a">dc</subfield>
</datafield>
<datafield tag="720" ind1=" " ind2=" ">
<subfield code="a">Sanz Trigueros, Francisco Javier</subfield>
<subfield code="e">author</subfield>
</datafield>
<datafield tag="260" ind1=" " ind2=" ">
<subfield code="c">2014</subfield>
</datafield>
<datafield tag="520" ind1=" " ind2=" ">
<subfield code="a">Este Trabajo Fin de Master se inscribe en la problemática de la profesionalización de los docentes de Lenguas Extranjeras a quienes, en el seno de los sistemas educativos, se atribuye la función del desarrollo de una competencia plurilingüe e intercultural en el alumnado. En torno a las exigencias que plantea el desarrollo de dicha competencia y desde la perspectiva de diferentes instrumentos europeos que han determinado los elementos de un perfil profesional de esos docentes, se da a conocer el sentimiento de autoeficacia de éstos, a través del grado de sensibilización ante su propio perfil profesional y las autopercepciones sobre las condiciones de configuración de su desarrollo profesional, tomados ambos como indicadores complementarios de la profesionalización. Optando por el paradigma cualitativo, y adoptando un enfoque descriptivo e interpretativo, dichos datos son obtenidos mediante la encuesta realizada a una muestra significativa invitada por situaciones docentes. Para el análisis de los datos y la interpretación de resultados se moviliza la técnica global del análisis de contenido, que permite aportar pautas para la mejora en el desarrollo de las competencias profesionales.</subfield>
</datafield>
<datafield tag="024" ind2=" " ind1="8">
<subfield code="a">http://uvadoc.uva.es/handle/10324/7907</subfield>
</datafield>
<datafield ind1=" " ind2=" " tag="653">
<subfield code="a">Docentes - Responsabilidad profesional</subfield>
</datafield>
<datafield ind1=" " ind2=" " tag="653">
<subfield code="a">Lenguas extranjeras - Estudio y enseñanza</subfield>
</datafield>
<datafield tag="245" ind1="0" ind2="0">
<subfield code="a">La profesionaliazación del docente de Lenguas Extranjeras en el espacio europeo. La autoeficacia percibida, factor del desarrollo profesional</subfield>
</datafield>
</record></metadata></record></GetRecord></OAI-PMH>